[Event "CZE-chT2B 1617"]
[Site "Czech Republic"]
[Date "2017.01.15"]
[Round "6.6"]
[White "Erban, Dusan"]
[Black "Prudek, Jiri"]
[Result "1/2-1/2"]
[WhiteElo "2052"]
[BlackElo "2010"]
[PlyCount "50"]
[EventDate "2016.10.09"]
[EventType "team-tourn"]
[EventRounds "11"]
[EventCountry "CZE"]
[SourceTitle "EXT 2022"]
[Source "ChessBase"]
[SourceDate "2021.10.06"]
[SourceVersion "1"]
[SourceVersionDate "2021.10.06"]
[SourceQuality "1"]
[WhiteTeam "Usti nad Labem"]
[BlackTeam "Decin"]
[WhiteTeamCountry "CZE"]
[BlackTeamCountry "CZE"]

1. e4 c5 2. c3 d5 3. exd5 Qxd5 4. d4 e6 5. Nf3 Nf6 6. Bd3 Nc6 7. 0-0 Be7 8. Na3 0-0 9. Nb5 Qd8 10. dxc5 Bxc5 11. Bg5 h6 12. Bh4 a6 13. Nbd4 Nxd4 14. cxd4 Be7 15. Qe2 Nd5 16. Bg3 Nb4 17. Bb1 Bf6 18. Rd1 Nd5 19. Ne5 Qe8 20. Ng4 Be7 21. Ne5 f5 22. f4 b5 23. a3 Bf6 24. Ba2 Bb7 25. Rac1 Rc8 1/2-1/2

[Event "CZE-chT2B 1314"]
[Site "Czech Republic"]
[Date "2014.03.23"]
[Round "10.6"]
[White "Dvorak, Jaroslav"]
[Black "Prudek, Jiri"]
[Result "0-1"]
[WhiteElo "2058"]
[BlackElo "2036"]
[PlyCount "74"]
[EventDate "2013.11.03"]
[EventType "team-tourn"]
[EventRounds "11"]
[EventCountry "CZE"]
[SourceTitle "EXT 2015"]
[Source "ChessBase"]
[SourceDate "2014.11.20"]
[SourceVersion "1"]
[SourceVersionDate "2014.11.20"]
[SourceQuality "1"]
[WhiteTeam "Litvinov Lom"]
[BlackTeam "Novoborsky III"]
[WhiteTeamCountry "CZE"]
[BlackTeamCountry "CZE"]

1. e4 c5 2. Nf3 Nc6 3. d4 cxd4 4. Nxd4 Nf6 5. Nc3 e5 6. Ndb5 d6 7. Bg5 a6 8. Na3 b5 9. Bxf6 gxf6 10. Nd5 f5 11. Bd3 Be6 12. c3 Bg7 13. Qh5 Rb8 14. Nc2 Qd7 15. Nce3 fxe4 16. Bxe4 Ne7 17. Rd1 Nxd5 18. Bxd5 0-0 19. 0-0 Bxd5 20. Rxd5 f5 21. Rfd1 Rb6 22. b3 Qe6 23. c4 f4 24. Nf1 bxc4 25. bxc4 Rf5 26. Qh3 Rf6 27. Qa3 Bf8 28. Qa5 Rc6 29. Qb4 Qc8 30. Nd2 Rg6 31. Qb3 Qg4 32. g3 fxg3 33. fxg3 Rf6 34. c5 Kh8 35. cxd6 Rcxd6 36. Nf1 Rxd5 37. Rxd5 Qe2 0-1

[Event "CZE-chT2B 1314"]
[Site "Czech Republic"]
[Date "2014.01.05"]
[Round "5.8"]
[White "Bargel, Martin"]
[Black "Prudek, Jiri"]
[Result "1/2-1/2"]
[WhiteElo "2112"]
[BlackElo "2036"]
[PlyCount "81"]
[EventDate "2013.11.03"]
[EventType "team-tourn"]
[EventRounds "11"]
[EventCountry "CZE"]
[SourceTitle "EXT 2015"]
[Source "ChessBase"]
[SourceDate "2014.11.20"]
[SourceVersion "1"]
[SourceVersionDate "2014.11.20"]
[SourceQuality "1"]
[WhiteTeam "Neratovice"]
[BlackTeam "Novoborsky III"]
[WhiteTeamCountry "CZE"]
[BlackTeamCountry "CZE"]

1. e4 c5 2. Nf3 Nc6 3. d4 cxd4 4. Nxd4 Nf6 5. Nc3 e5 6. Ndb5 d6 7. Bg5 a6 8. Na3 b5 9. Bxf6 gxf6 10. Nd5 f5 11. Bd3 Be6 12. c3 Bg7 13. Qh5 f4 14. Nc2 Ne7 15. Nxe7 Qxe7 16. a4 0-0 17. 0-0 Qb7 18. axb5 axb5 19. Nb4 h6 20. Qe2 Bd7 21. Rfd1 Rxa1 22. Rxa1 Ra8 23. Rd1 Re8 24. f3 Rb8 25. Ra1 Ra8 26. Rxa8+ Qxa8 27. g3 fxg3 28. hxg3 Qa1+ 29. Kg2 Qc1 30. Nd5 Kh8 31. Bxb5 Be6 32. Ne3 Bf6 33. f4 exf4 34. gxf4 Bh4 35. f5 Bb3 36. Bc4 Bxc4 37. Nxc4 Qg5+ 38. Kh1 Qc1+ 39. Kg2 Qg5+ 40. Kh1 Qc1+ 41. Kg2 1/2-1/2

[Event "CZE-chT2B 1112"]
[Site "Czech Republic"]
[Date "2012.03.25"]
[Round "10.7"]
[White "Prudek, Jiri"]
[Black "Misicko, Jan"]
[Result "1-0"]
[WhiteElo "2062"]
[BlackElo "2058"]
[PlyCount "57"]
[EventDate "2011.10.09"]
[EventType "team-tourn"]
[EventRounds "11"]
[EventCountry "CZE"]
[SourceTitle "EXT 2013"]
[Source "ChessBase"]
[SourceDate "2012.11.22"]
[SourceVersion "1"]
[SourceVersionDate "2012.11.22"]
[SourceQuality "1"]
[WhiteTeam "Novoborsky"]
[BlackTeam "Kladno"]
[WhiteTeamCountry "CZE"]
[BlackTeamCountry "CZE"]

1. e4 c5 2. Nf3 e6 3. d4 cxd4 4. Nxd4 Nf6 5. Nc3 d6 6. Be2 Nc6 7. Be3 Be7 8. Qd2 Qc7 9. Ndb5 Qb8 10. 0-0-0 0-0 11. f4 Rd8 12. Nd4 Bd7 13. Rhg1 Nxd4 14. Bxd4 Bc6 15. Bf3 d5 16. e5 Nd7 17. Qe3 b5 18. g4 b4 19. Ne2 a5 20. g5 a4 21. b3 Bb5 22. f5 Rc8 23. g6 axb3 24. gxf7+ Kh8 25. axb3 Ra2 26. Rd2 Qc7 27. f6 Rxc2+ 28. Kb1 gxf6 29. Qh6 1-0

[Event "CZE-chT2B 1112"]
[Site "Czech Republic"]
[Date "2012.01.08"]
[Round "5.6"]
[White "Prudek, Jiri"]
[Black "Ondrejat, Miroslav"]
[Result "0-1"]
[WhiteElo "2062"]
[BlackElo "2083"]
[PlyCount "82"]
[EventDate "2011.10.09"]
[EventType "team-tourn"]
[EventRounds "11"]
[EventCountry "CZE"]
[SourceTitle "EXT 2013"]
[Source "ChessBase"]
[SourceDate "2012.11.22"]
[SourceVersion "1"]
[SourceVersionDate "2012.11.22"]
[SourceQuality "1"]
[WhiteTeam "Novoborsky"]
[BlackTeam "Sokolov"]
[WhiteTeamCountry "CZE"]
[BlackTeamCountry "CZE"]

1. e4 c5 2. Nf3 e6 3. d4 cxd4 4. Nxd4 a6 5. c4 Qc7 6. Nc3 b6 7. Be3 Bb7 8. Bd3 Bd6 9. Rc1 Nf6 10. h3 Bf4 11. Qd2 Bxe3 12. Qxe3 d6 13. 0-0 0-0 14. f4 Nbd7 15. b4 Rac8 16. a3 Rfe8 17. g4 g6 18. Nf3 e5 19. f5 Kg7 20. Ne2 Ng8 21. Ng3 Qd8 22. g5 a5 23. h4 axb4 24. axb4 Ra8 25. Ra1 Qc7 26. Qf2 Rxa1 27. Rxa1 Ra8 28. Rxa8 Bxa8 29. f6+ Ngxf6 30. gxf6+ Nxf6 31. Qa2 Bc6 32. Kg2 Qd7 33. Nh2 h5 34. Nf3 Qg4 35. Qc2 Bd7 36. Bf1 Qh3+ 37. Kf2 Ng4+ 38. Ke2 Qxg3 39. Qd3 Qf2+ 40. Kd1 Ne3+ 41. Kc1 Qxf1+ 0-1

[Event "CZE-chT2B 1011"]
[Site "Czech Republic"]
[Date "2011.02.20"]
[Round "8.2"]
[White "Prudek, Jiri"]
[Black "Elias, Miroslav"]
[Result "0-1"]
[WhiteElo "2097"]
[BlackElo "2104"]
[PlyCount "62"]
[EventDate "2010.10.17"]
[EventType "team-tourn"]
[EventRounds "11"]
[EventCountry "CZE"]
[SourceTitle "EXT 2012"]
[Source "ChessBase"]
[SourceDate "2011.11.24"]
[SourceVersion "1"]
[SourceVersionDate "2011.11.24"]
[SourceQuality "1"]
[WhiteTeam "Lipa"]
[BlackTeam "Sokolov"]
[WhiteTeamCountry "CZE"]
[BlackTeamCountry "CZE"]

1. e4 e5 2. Nf3 Nf6 3. Nxe5 d6 4. Nf3 Nxe4 5. d4 d5 6. Bd3 Be7 7. 0-0 Bg4 8. Re1 Nc6 9. c3 f5 10. Nbd2 0-0 11. Qb3 Na5 12. Qa4 b6 13. Bxe4 fxe4 14. Ne5 Bh5 15. b4 Bh4 16. g3 Qf6 17. f4 exf3 18. Kf2 Be8 19. Qc2 Nc6 20. Nf1 Nxe5 21. dxe5 Qd8 22. Qd3 Be7 23. Be3 c5 24. Rad1 Bc6 25. b5 Bb7 26. Nd2 Qe8 27. Kg1 Qh5 28. Rf1 Rad8 29. h4 Bxh4 30. Kf2 Qxe5 31. gxh4 c4 0-1

[Event "Rumburk op"]
[Site "Rumburk"]
[Date "2006.07.05"]
[Round "3"]
[White "Prudek, Jiri"]
[Black "Stefanik, Oldrich"]
[Result "1-0"]
[WhiteElo "2077"]
[BlackElo "1911"]
[PlyCount "55"]
[EventDate "2006.07.03"]
[EventType "swiss"]
[EventRounds "9"]
[EventCountry "CZE"]
[SourceTitle "EXT 2008"]
[Source "ChessBase"]
[SourceDate "2007.11.25"]
[SourceVersion "1"]
[SourceVersionDate "2007.11.25"]
[SourceQuality "1"]

1. e4 g6 2. d4 Bg7 3. Nc3 d6 4. Nf3 c6 5. Bg5 Bg4 6. Qd2 b5 7. Be2 b4 8. Nd1 Qb6 9. c3 Nf6 10. Qc2 Qa5 11. Bd2 bxc3 12. bxc3 Qc7 13. Ne3 Bc8 14. Rb1 0-0 15. 0-0 Nh5 16. Nh4 Nf4 17. Bc4 e5 18. Nf3 Nd7 19. g3 Nh3+ 20. Kg2 Nb6 21. Bd3 Bf6 22. a4 Bd7 23. dxe5 dxe5 24. a5 Nc8 25. Nc4 Re8 26. Be3 Nd6 27. a6 Nxc4 28. Bxc4 1-0

[Event "Rumburk op"]
[Site "Rumburk"]
[Date "2005.07.09"]
[Round "8"]
[White "Prudek, Jiri"]
[Black "Herejk, Petr"]
[Result "1-0"]
[WhiteElo "2052"]
[BlackElo "2133"]
[PlyCount "119"]
[EventDate "2005.07.04"]
[EventType "swiss"]
[EventRounds "9"]
[EventCountry "CZE"]
[SourceTitle "EXT 2007"]
[Source "ChessBase"]
[SourceDate "2006.11.23"]
[SourceVersion "1"]
[SourceVersionDate "2006.11.23"]
[SourceQuality "1"]

1. e4 c5 2. Nf3 d6 3. d4 cxd4 4. Nxd4 Nf6 5. Nc3 Nc6 6. Be2 g6 7. Be3 Bg7 8. f4 0-0 9. Qd2 d5 10. exd5 Nxd5 11. Nxd5 Qxd5 12. Bf3 Qd7 13. Nxc6 Qxd2+ 14. Bxd2 bxc6 15. 0-0-0 Rb8 16. b3 Bf5 17. Rhe1 Bf6 18. g4 Be6 19. c4 a5 20. Be3 a4 21. Rd3 axb3 22. axb3 Ra8 23. Bd4 Bxd4 24. Rxd4 Ra1+ 25. Kd2 Ra2+ 26. Kc3 c5 27. Rd2 Rxd2 28. Kxd2 Rd8+ 29. Ke3 Rb8 30. Bd1 Ra8 31. Ke4 Rd8 32. h3 Bc8 33. Be2 Bb7+ 34. Ke3 Rd4 35. Bd3 Rd6 36. Ra1 Re6+ 37. Kd2 Ra6 38. Rxa6 Bxa6 39. Kc3 Bb7 40. b4 cxb4+ 41. Kxb4 Kf8 42. Kc5 Ke8 43. Kb6 Bg2 44. h4 Kd7 45. c5 Bc6 46. Ba6 f6 47. Bb7 Ba4 48. g5 fxg5 49. hxg5 e5 50. fxe5 Ke6 51. Ba6 Kxe5 52. Bb5 Bc2 53. c6 Kd6 54. c7 Bf5 55. Kb7 Bg4 56. Ba6 Kc5 57. Kb8 Kb6 58. Bc8 Be2 59. Be6 Ba6 60. Bg8 1-0

[Event "Rumburk op"]
[Site "Rumburk"]
[Date "2005.07.08"]
[Round "6"]
[White "Prudek, Jiri"]
[Black "Mayer, Josef"]
[Result "1-0"]
[WhiteElo "2052"]
[BlackElo "1943"]
[PlyCount "135"]
[EventDate "2005.07.04"]
[EventType "swiss"]
[EventRounds "9"]
[EventCountry "CZE"]
[SourceTitle "EXT 2007"]
[Source "ChessBase"]
[SourceDate "2006.11.23"]
[SourceVersion "1"]
[SourceVersionDate "2006.11.23"]
[SourceQuality "1"]

1. e4 c5 2. Nf3 Nc6 3. d4 cxd4 4. Nxd4 g6 5. Nxc6 bxc6 6. Qd4 Nf6 7. e5 Nd5 8. e6 f6 9. c4 Nc7 10. exd7+ Bxd7 11. Be2 e5 12. Qh4 Ne6 13. 0-0 Nd4 14. Bd1 f5 15. Qg3 Bg7 16. Bg5 Qc7 17. Qa3 Be6 18. Re1 Kf7 19. Qc5 h6 20. Bd2 Rhe8 21. Ba5 Qe7 22. Qxe7+ Rxe7 23. c5 Rb8 24. b4 e4 25. Nd2 Nf3+ 26. Bxf3 Bxa1 27. Rxa1 exf3 28. Nxf3 Bd5 29. Nd4 Rbe8 30. b5 Rc8 31. a4 Re4 32. Rd1 Ke7 33. b6 Kd7 34. bxa7 Ra8 35. Bb6 Kc8 36. a5 Kb7 37. f3 Re3 38. Kf2 Rae8 39. Kg3 R3e5 40. Rb1 Re3 41. Rd1 R3e5 42. a6+ Kxa6 43. Bc7 Kxa7 44. Bxe5 Rxe5 45. Kf4 Re8 46. Rb1 Rc8 47. Ke5 Rd8 48. Rb6 Re8+ 49. Kf6 Ka8 50. h4 f4 51. Kxg6 Rg8+ 52. Kf5 Rxg2 53. Nxc6 Rg8 54. Nd4 h5 55. Rd6 Rf8+ 56. Rf6 Rd8 57. Kxf4 Bc4 58. Rd6 Rc8 59. c6 Ka7 60. Kg5 Kb6 61. Rf6 Kc5 62. Ne6+ Kxc6 63. Nf4+ Kd7 64. Kxh5 Ke7 65. Kg5 Rg8+ 66. Ng6+ Ke8 67. h5 Bd3 68. h6 1-0

[Event "Rumburk op"]
[Site "Rumburk"]
[Date "2005.07.06"]
[Round "4"]
[White "Prudek, Jiri"]
[Black "Valenta, Petr"]
[Result "1/2-1/2"]
[WhiteElo "2052"]
[BlackElo "1793"]
[PlyCount "75"]
[EventDate "2005.07.04"]
[EventType "swiss"]
[EventRounds "9"]
[EventCountry "CZE"]
[SourceTitle "EXT 2007"]
[Source "ChessBase"]
[SourceDate "2006.11.23"]
[SourceVersion "1"]
[SourceVersionDate "2006.11.23"]
[SourceQuality "1"]

1. e4 c5 2. Nf3 d6 3. d4 cxd4 4. Nxd4 Nf6 5. Nc3 a6 6. Be2 Nbd7 7. f4 g6 8. Bf3 Qb6 9. Rb1 e5 10. Nde2 Nc5 11. b4 Ne6 12. Qd3 Bd7 13. Be3 Qc7 14. f5 Ng7 15. g4 Bc6 16. Bg5 Be7 17. Bh6 Bf8 18. Bg5 Be7 19. Be3 gxf5 20. g5 fxe4 21. Bxe4 Nxe4 22. Nxe4 Bb5 23. Qd2 Bxe2 24. Qxe2 Nf5 25. Rf1 Nxe3 26. Qxe3 d5 27. Nf6+ Bxf6 28. gxf6 0-0-0 29. b5 Qa5+ 30. Ke2 axb5 31. Qc5+ Qc7 32. Rxb5 Qxc5 33. Rxc5+ Kb8 34. Rd1 Rhe8 35. Rdxd5 Rxd5 36. Rxd5 Re6 37. Ke3 Kc7 38. Ke4 1/2-1/2